| 000 | 00337 a2200145 4500 | ||
|---|---|---|---|
| 001 | 157410 | ||
| 020 | _a9788538071556 | ||
| 040 | _cEscola São Tomás de Aquino | ||
| 240 | 1 | 0 |
_aO monstro do abraço _l |
| 245 | 1 | 0 | _aO monstro do abraço |
| 362 | 0 | _a2017 | |
| 440 | 1 | _aCiranda Cultural | |
| 697 | _a*LITERATURA INFANTIL | ||
| 942 | _cBK | ||
| 999 |
_c157410 _d157410 |
||